Modern fishing gear of the world
محفوظ في:
| المؤلف الرئيسي: | |
|---|---|
| التنسيق: | كتاب |
| اللغة: | الإنجليزية |
| منشور في: |
Londres
Fishing News Books
1959
|
| الموضوعات: | |
| الوسوم: |
إضافة وسم
لا توجد وسوم, كن أول من يضع وسما على هذه التسجيلة!
|
MARC
| LEADER | 00000nam a2200000 a 4500 | ||
|---|---|---|---|
| 001 | UCV5437 | ||
| 003 | CL-VaPUC | ||
| 005 | 20200123181551.0 | ||
| 008 | 930623e19590000uk 1 eng d | ||
| 082 | 0 | 4 | |a 639.2 |b KRI |2 21 |
| 100 | 1 | |a Kristjonsson, Hilmar |e author |9 616552 | |
| 245 | 1 | 0 | |a Modern fishing gear of the world |
| 260 | |a Londres |b Fishing News Books |c 1959 | ||
| 300 | |a 607 p | ||
| 583 | |a last modification |c 19930623 00:00:00 |k Rodrigo Vera | ||
| 650 | 0 | 7 | |a INDUSTRIA PESQUERA EQUIPOS Y ACCESORIOS |2 CL-VaPUC |9 261616 |
| 942 | |c BK | ||
| 945 | |a mfernand |d 19930623 00:00:00 | ||
| 546 | |a En Inglés | ||
| 518 | |p International Fishing Gear Congress, Hamburg, West Germany, 1957 | ||
| 999 | |c 381997 |d 381995 | ||
| 952 | |0 0 |1 0 |2 ddc |4 0 |6 639_200000000000000_KRI_1959 |7 0 |8 A |9 503424 |a BIBCUR |b BIBCUR |d 2020-01-23 |i 2595915 |o 639.2 KRI 1959 |p 2595915 |r 2025-04-22 |w 2020-01-23 |y BK |k CIM | ||